| 000 | 00386nam a2200133 a 4500 | ||
|---|---|---|---|
| 001 | 000046273 | ||
| 005 | 20201002052743.0 | ||
| 008 | 150714s2004 dr a 000 spa d | ||
| 040 |
_aDO-SdBNP _bspa _cBNPHU |
||
| 245 | 0 | _aArte actual travesias dominicano & español. | |
| 260 |
_aSanto Domingo : _bCentro Cultural de España, _c2004. |
||
| 300 | _a[56] p. | ||
| 590 | _aInventariado,2018/DG | ||
| 999 |
_c45762 _d45762 |
||